Loading...

Geography since the second world war: an international survey

Bibliographic Details
Main Authors: Claval, P; Ed, Johnston, R J; Ed
Format: Printed Book
Published: London, Croom Helm 1984
LEADER 004850000a22001570004500
020 |a 0-7099-1411-3 
082 |a 910 M4 
100 |a Claval, P; Ed 
100 |a Johnston, R J; Ed 
245 |a Geography since the second world war: an international survey 
260 |a London, Croom Helm 
260 |c 1984 
465 |a P 25 
942 |c BK 
999 |c 11886  |d 11886 
952 |0 0  |1 0  |4 0  |6 910_000000000000000_M4  |7 0  |8 ENG  |9 11682  |a MGUL  |b MGUL  |d 2013-07-16  |e P 25  |l 0  |o 910 M4  |p 01413  |r 2013-07-16  |w 2013-07-16  |y BK